000 00949nam a2200253 i 4500
003 DO-SdBNP
005 20250711113504.0
007 ta
008 250711b2025 dr a|||| |||| 00| 0 spa d
040 _aDO-SdBNP
_bspa
_cBNPHU
_erda
082 _axxx
_bF293
_222
110 1 _aFederación Nacional de Discapacidad Dominicana (FENADID)
_988331
245 1 0 _aInforme de derechos humanos de las personas con discapacidad en República Dominicana /
264 _aSanto Domingo :
_bForo Ciudadano RD,
_c[2025].
300 _a32 páginas ;
_bilustraciones
_c28 cm.
336 _atexto
_btxt
_2rdacontent
337 _asin mediación
_bn
_2rdamedia
338 _avolumen
_bnc
_2rdacarrier
490 1 _aUn foro para tod@s
500 _aCon el apoyo de: AVSI people for development, Centro de Investigación y Promoción Social -CIPROS- y Cofinanciado por la Unión Europea.
590 _aInventariado, 2025/ YL
910 _aYLockward
942 _2ddc
_cLF2
999 _c59507
_d59507